[Event "POL-chT U18 1st"]
[Site "Poland"]
[Date "2022.06.30"]
[Round "6.1"]
[White "Suder, Jakub"]
[Black "Wieczorek, Mikolaj"]
[Result "1-0"]
[WhiteElo "2306"]
[BlackElo "1942"]
[PlyCount "110"]
[EventDate "2022.06.25"]
[EventType "team-swiss"]
[EventRounds "9"]
[EventCountry "POL"]
[SourceTitle "EXT 2023"]
[Source "ChessBase"]
[SourceDate "2022.10.05"]
[SourceVersion "1"]
[SourceVersionDate "2022.10.05"]
[SourceQuality "1"]
[WhiteTeam "Myslenice MAT"]
[BlackTeam "Wroclaw Srodmiescie"]
[WhiteTeamCountry "POL"]
[BlackTeamCountry "POL"]

1. d4 e6 2. c4 c5 3. d5 exd5 4. cxd5 d6 5. Nc3 g6 6. e4 Bg7 7. Nf3 Ne7 8. Bf4 a6 9. a4 0-0 10. Bc4 Bg4 11. 0-0 Bxf3 12. Qxf3 Qc7 13. Qg3 Rd8 14. h4 Nc8 15. h5 Nd7 16. h6 Bh8 17. Rae1 Re8 18. Kh1 Qb6 19. Bc1 Qb4 20. Ba2 Ncb6 21. f4 Nxa4 22. e5 Nxc3 23. bxc3 Qa4 24. Bb1 dxe5 25. f5 e4 26. fxg6 fxg6 27. Bg5 Qb5 28. c4 Qb6 29. Rxe4 Rxe4 30. Bxe4 Be5 31. Qg4 Rf8 32. Rxf8+ Nxf8 33. d6 Qa5 34. Qd1 Qc3 35. Qf1 Qa1 36. Bd5+ Kh8 37. Qxa1 Bxa1 38. Be7 Nd7 39. Bxb7 a5 40. Bc8 Nb6 41. d7 Nxd7 42. Bxd7 Bd4 43. Bd8 Be3 44. Be6 Bxh6 45. Bxa5 Bg7 46. Kh2 Be5+ 47. Kh3 Kg7 48. Bd8 h6 49. Be7 Bd4 50. Kg4 h5+ 51. Kf4 Kh6 52. Bf8+ Kh7 53. Bf7 Bg1 54. Ke4 h4 55. Kf4 Bf2 1-0

[Event "Wroclaw Anderssen Memorial op"]
[Site "Wroclaw"]
[Date "2018.08.04"]
[Round "1"]
[White "Butkiewicz, Lukasz"]
[Black "Wieczorek, Mikolaj"]
[Result "0-1"]
[WhiteElo "2444"]
[BlackElo "1757"]
[PlyCount "42"]
[EventDate "2018.08.04"]
[EventType "swiss (rapid)"]
[EventRounds "13"]
[EventCountry "POL"]
[SourceTitle "CBM 185 Extra"]
[Source "ChessBase"]
[SourceDate "2018.07.29"]
[SourceVersion "1"]
[SourceVersionDate "2018.07.29"]
[SourceQuality "1"]

1. d4 Nf6 2. c4 c5 3. d5 e6 4. Nc3 exd5 5. cxd5 d6 6. Nf3 g6 7. Bf4 Bg7 8. Qa4+ Bd7 9. Qb3 Qc7 10. Bxd6 Qxd6 11. Qxb7 0-0 12. Qxa8 Qb6 13. 0-0-0 Na6 14. Qxf8+ Kxf8 15. e3 Ne4 16. Bxa6 Nxc3 17. bxc3 Qxa6 18. Kd2 Qxa2+ 19. Ke1 Bxc3+ 20. Kf1 Bb5+ 21. Kg1 Qc2 0-1

[Event "POL-chT U20"]
[Site "Kudowa Zdroj"]
[Date "2018.07.28"]
[Round "8.4"]
[White "Seemann, Jakub"]
[Black "Wieczorek, Mikolaj"]
[Result "0-1"]
[WhiteElo "1814"]
[BlackElo "1651"]
[PlyCount "142"]
[EventDate "2018.07.21"]
[EventType "team-tourn"]
[EventRounds "9"]
[EventCountry "POL"]
[SourceTitle "CBM 186 Extra"]
[Source "ChessBase"]
[SourceDate "2018.08.24"]
[SourceVersion "1"]
[SourceVersionDate "2018.08.24"]
[SourceQuality "1"]

1. e4 c5 2. Nf3 Nc6 3. d4 cxd4 4. Nxd4 e5 5. Nb5 d6 6. N1c3 a6 7. Na3 Be7 8. Nd5 Nf6 9. Be3 Nxd5 10. exd5 Nd4 11. Bd3 Nf5 12. Bd2 0-0 13. 0-0 Nh4 14. Nc4 b6 15. f4 Bb7 16. Be3 b5 17. Nb6 Rb8 18. f5 Bg5 19. Qe2 e4 20. Bxe4 Re8 21. Bxg5 Qxb6+ 22. Kh1 Bxd5 23. Bxh4 Rxe4 24. Qh5 Rbe8 25. Qg5 h6 26. Qd2 Qc6 27. Rfe1 Bc4 28. Qf2 Re2 29. Rxe2 Rxe2 30. Qg3 Bd5 31. Rg1 Qxc2 32. h3 Qxb2 33. f6 g6 34. Qg4 Qc2 35. Be1 Bxg2+ 36. Rxg2 Rxe1+ 37. Kh2 Qc5 38. Rd2 Qe5+ 39. Kg2 Qe4+ 40. Qxe4 Rxe4 41. Rxd6 Re6 42. Rd8+ Kh7 43. Kf3 Rxf6+ 44. Ke4 Rf2 45. a3 Ra2 46. Rd3 a5 47. Kd5 b4 48. axb4 axb4 49. Kc4 Ra3 50. Rd7 Kg7 51. h4 Rh3 52. Kxb4 Rxh4+ 53. Kc3 Re4 54. Kd3 Re6 55. Kd2 g5 56. Kd1 h5 57. Kd2 h4 58. Kd1 h3 59. Rd2 g4 60. Rh2 Kg6 61. Rh1 Kg5 62. Rh2 Kf4 63. Rh1 g3 64. Rxh3 g2 65. Rh4+ Kg5 66. Rh8 g1Q+ 67. Kd2 Qd4+ 68. Kc2 Rc6+ 69. Kb3 Rc3+ 70. Kb2 Qd2+ 71. Kb1 Rc1# 0-1

[Event "POL-chT U20"]
[Site "Kudowa Zdroj"]
[Date "2018.07.21"]
[Round "1.4"]
[White "Wieczorek, Mikolaj"]
[Black "Rak, Jacek"]
[Result "1-0"]
[WhiteElo "1651"]
[BlackElo "1457"]
[PlyCount "65"]
[EventDate "2018.07.21"]
[EventType "team-tourn"]
[EventRounds "9"]
[EventCountry "POL"]
[SourceTitle "CBM 186 Extra"]
[Source "ChessBase"]
[SourceDate "2018.08.24"]
[SourceVersion "1"]
[SourceVersionDate "2018.08.24"]
[SourceQuality "1"]

1. e4 c5 2. Nf3 Nc6 3. d4 cxd4 4. Nxd4 Nf6 5. Nc3 e6 6. Ndb5 d6 7. Bf4 e5 8. Bg5 a6 9. Na3 Be7 10. Nc4 b5 11. Bxf6 Bxf6 12. Nxd6+ Kf8 13. Nxc8 Qxc8 14. Nd5 Qb7 15. Bd3 Be7 16. 0-0 Nb4 17. Nxb4 Bxb4 18. a4 Ke7 19. c3 Bd6 20. Qb3 b4 21. Bc4 Raf8 22. Bd5 Qb8 23. cxb4 Qxb4 24. Qd3 a5 25. Qg3 g6 26. Qh4+ f6 27. Qh6 Kd7 28. Rfd1 Qb6 29. Qg7+ Kc8 30. Rac1+ Bc5 31. Rxc5+ Qxc5 32. Qb7+ Kd8 33. Bc6+ 1-0

[Event "Lazy Baltic Pearl op 14th"]
[Site "Lazy"]
[Date "2018.07.03"]
[Round "9"]
[White "Wieczorek, Mikolaj"]
[Black "Jarocka, Liwia"]
[Result "0-1"]
[WhiteElo "1726"]
[BlackElo "1984"]
[PlyCount "92"]
[EventDate "2018.06.24"]
[EventType "swiss"]
[EventRounds "9"]
[EventCountry "POL"]
[SourceTitle "CBM 185 Extra"]
[Source "ChessBase"]
[SourceDate "2018.07.29"]
[SourceVersion "1"]
[SourceVersionDate "2018.07.29"]
[SourceQuality "1"]

1. e4 e5 2. Nf3 Nc6 3. d4 exd4 4. Nxd4 Nf6 5. Nxc6 bxc6 6. e5 Nd5 7. c4 Ne7 8. g3 Ng6 9. Qe2 Bb4+ 10. Bd2 Qe7 11. f4 Rb8 12. Nc3 d6 13. Bg2 Bd7 14. 0-0 0-0 15. Kh1 f5 16. a3 Bxc3 17. Bxc3 dxe5 18. fxe5 f4 19. Bb4 c5 20. Bd5+ Kh8 21. Bc3 Be6 22. Rad1 Rbd8 23. Bxe6 Rxd1 24. Qxd1 Qxe6 25. Qd5 Qh3 26. Qf3 Qc8 27. gxf4 Rxf4 28. Qxf4 Nxf4 29. Rxf4 Kg8 30. Kg2 Qe6 31. Kf3 Qh3+ 32. Ke4 Qg2+ 33. Ke3 Qxh2 34. b4 Qh3+ 35. Kd2 Qd7+ 36. Ke3 Qe7 37. Ke4 cxb4 38. axb4 Qe6 39. Kd4 h5 40. b5 Qe7 41. c5 h4 42. Be1 h3 43. Rh4 Qxh4+ 44. Bxh4 h2 45. e6 h1Q 46. e7 Qxh4+ 0-1

[Event "Lazy Baltic Pearl op 14th"]
[Site "Lazy"]
[Date "2018.06.30"]
[Round "7"]
[White "Wieczorek, Mikolaj"]
[Black "Podgorski, Maciej"]
[Result "1-0"]
[WhiteElo "1726"]
[BlackElo "1852"]
[PlyCount "95"]
[EventDate "2018.06.24"]
[EventType "swiss"]
[EventRounds "9"]
[EventCountry "POL"]
[SourceTitle "CBM 185 Extra"]
[Source "ChessBase"]
[SourceDate "2018.07.29"]
[SourceVersion "1"]
[SourceVersionDate "2018.07.29"]
[SourceQuality "1"]

1. e4 c5 2. Nf3 d6 3. d4 cxd4 4. Nxd4 Nf6 5. Nc3 a6 6. Bg5 Nbd7 7. f4 e6 8. Qe2 Be7 9. 0-0-0 Qc7 10. g4 b5 11. Bg2 Bb7 12. a3 h6 13. Bh4 g5 14. fxg5 Nh7 15. Bg3 Bxg5+ 16. Kb1 Ne5 17. Ndxb5 axb5 18. Nxb5 Qb6 19. Nxd6+ Ke7 20. Bxe5 f6 21. Nc4 Qa6 22. Bd6+ Kf7 23. Bc5 Bf4 24. Nd6+ Bxd6 25. Qxa6 Rxa6 26. Rxd6 Rxd6 27. Bxd6 Ng5 28. Re1 f5 29. gxf5 exf5 30. Rf1 Bxe4 31. Bxe4 Nxe4 32. Rxf5+ Kg6 33. Rf8 Rh7 34. Bf4 h5 35. c4 h4 36. b4 Ra7 37. c5 Nc3+ 38. Kb2 Nd5 39. Bd6 Ne3 40. Kb3 Nf5 41. Rxf5 Kxf5 42. b5 Ke6 43. b6 Rf7 44. Kb4 Kd5 45. Kb5 h3 46. Bc7 Rf3 47. b7 Rb3+ 48. Ka6 1-0

[Event "POL-chT3 Dolnoslaskie 1718"]
[Site "Poland"]
[Date "2017.12.10"]
[Round "5.4"]
[White "Wieczorek, Mikolaj"]
[Black "Malecki, Mateusz"]
[Result "1/2-1/2"]
[WhiteElo "1701"]
[BlackElo "1598"]
[PlyCount "102"]
[EventDate "2017.10.08"]
[EventType "team-tourn"]
[EventRounds "11"]
[EventCountry "POL"]
[SourceTitle "EXT 2019"]
[Source "ChessBase"]
[SourceDate "2018.10.10"]
[SourceVersion "1"]
[SourceVersionDate "2018.10.10"]
[SourceQuality "1"]

1. e4 c5 2. Nf3 e6 3. d4 cxd4 4. Nxd4 Nf6 5. Nc3 Qb6 6. Nb3 Bb4 7. Qe2 Bxc3+ 8. bxc3 d6 9. f3 0-0 10. Qe3 Qxe3+ 11. Bxe3 d5 12. e5 Nfd7 13. Bd4 Nc6 14. f4 f6 15. exf6 gxf6 16. 0-0-0 Nb6 17. Bc5 Rd8 18. Bb5 Kf7 19. Bxc6 bxc6 20. Na5 Bd7 21. Nb7 Rdb8 22. Nd6+ Kg7 23. Bd4 Na4 24. c4 c5 25. Ba1 Rb6 26. Ne4 d4 27. Kd2 Bc6 28. Rhe1 Rd8 29. g4 Bxe4 30. Rxe4 Kf7 31. Rde1 Rdd6 32. f5 Ra6 33. fxe6+ Ke7 34. g5 fxg5 35. Rg4 h6 36. h4 Rxe6 37. hxg5 Rxe1 38. Kxe1 hxg5 39. Rxg5 Rb6 40. Rg7+ Kd8 41. Rxa7 Rb1+ 42. Kd2 Nb6 43. Bxd4 cxd4 44. c5 Nc8 45. Ra4 Kc7 46. Rxd4 Kc6 47. Rd3 Rb5 48. a4 Rxc5 49. Rc3 Nb6 50. Rxc5+ Kxc5 51. a5 Nc4+ 1/2-1/2

[Event "Wroclaw op"]
[Site "Wroclaw"]
[Date "2017.08.10"]
[Round "1"]
[White "Sivakumar, Ashvin"]
[Black "Wieczorek, Mikolaj"]
[Result "1-0"]
[WhiteElo "2221"]
[BlackElo "1533"]
[PlyCount "127"]
[EventDate "2017.08.10"]
[EventType "swiss"]
[EventRounds "9"]
[EventCountry "POL"]
[SourceTitle "CBM 180 Extra"]
[Source "ChessBase"]
[SourceDate "2017.10.06"]
[SourceVersion "1"]
[SourceVersionDate "2017.10.06"]
[SourceQuality "1"]

1. d4 Nf6 2. c4 e6 3. Nf3 c5 4. d5 b5 5. dxe6 fxe6 6. cxb5 d5 7. e3 Bd6 8. Nc3 Bb7 9. e4 Nbd7 10. Bg5 Qe7 11. Bd3 d4 12. Na4 Qf7 13. Qe2 0-0 14. Bd2 Qg6 15. Nh4 Qg4 16. Qxg4 Nxg4 17. Nf3 Nde5 18. Be2 Bxe4 19. h3 Nf6 20. Nxe5 Bxe5 21. f3 Bc2 22. f4 d3 23. fxe5 dxe2 24. Nxc5 Ne4 25. Nxe4 Bxe4 26. Kxe2 Bxg2 27. Rh2 Bd5 28. b3 Rf5 29. Bc3 Rc8 30. Rc1 Rxe5+ 31. Bxe5 Rxc1 32. Ke3 Re1+ 33. Re2 Rxe2+ 34. Kxe2 Bb7 35. Ke3 g5 36. Bf6 h6 37. h4 gxh4 38. Bxh4 Kf7 39. Kf4 Kg6 40. Ke5 Kh5 41. Bf2 a6 42. bxa6 Bxa6 43. Kxe6 Kg4 44. a4 Kf3 45. Bc5 h5 46. b4 Bc4+ 47. Kd6 h4 48. Kc6 Ke4 49. b5 Bd5+ 50. Kb6 Kd3 51. a5 Kc4 52. Bd6 Be4 53. a6 Ba8 54. a7 h3 55. Bg3 Kb4 56. Bh2 Kc4 57. Bd6 Bg2 58. Ka6 h2 59. Bxh2 Kc5 60. b6 Bf1+ 61. Kb7 Bg2+ 62. Kc7 Kb5 63. b7 Bxb7 64. Kxb7 1-0